[Event "Challenge"]
[Site "http://www.queenalice.com/game.php?id=6203"]
[Date "2005.3.3"]
[Round "-"]
[White "appalachia"]
[Black "Ilix"]
[Result "1-0"]
[WhiteElo "903"]
[BlackElo "1100"]

1. d4 g6 2. e4 e6 3. c3 c6 4. Be2 b5 5. b4 d5 6. e5 f5 7. Bf4 Qh4 8. Qd2 Bh6 9.
Bxh6 Nxh6 10. g3 Qe4 11. Nf3 Qg4 12. Ng1 Qe4 13. Nf3 a5 14. O-O Qg4 15. Qg5 Qe4
16. Qe3 Ng4 17. Qxe4 dxe4 18. Nfd2 axb4 19. c4 b3 20. Nxb3 bxc4 21. Bxc4 Ra4 22.
Be2 Na6 23. a3 Nc7 24. N1d2 Ba6 25. Bxa6 Nxa6 26. Nc5 Nxc5 27. Rfc1 1-0

[Event "AUTO-LOW-06"]
[Site "http://www.queenalice.com/game.php?id=6290"]
[Date "2005.3.5"]
[Round "1"]
[White "Ilix"]
[Black "neves"]
[Result "0-1"]
[WhiteElo "1084"]
[BlackElo "1358"]

1. e4 d5 2. Nc3 dxe4 3. Nxe4 f5 4. Ng3 f4 5. Nh5 e5 6. f3 g6 7. Nxf4 exf4 8. g4
g5 9. d4 b6 10. Bd2 Qxd4 11. Bb5+ Bd7 12. c3 Qe5+ 13. Be2 a6 14. b4 Bb5 15. c4
Bxc4 16. Rc1 Bxa2 17. Rc2 Bb3 18. Bc3 Qxc3+ 19. Rxc3 Bxd1 20. Bxd1 c5 21. Rc4 b5
22. Re4+ Kd8 23. Nh3 h6 24. O-O cxb4 25. Rd4+ Nd7 26. Bb3 Bc5 27. Kg2 Bxd4 28.
Re1 a5 29. Re4 Bc3 30. Nf2 Nc5 31. Bd5 Nxe4 32. Bxa8 Nxf2 33. Kxf2 b3 34. Be4
Nf6 35. Bc6 b4 36. h3 b2 37. Be4 Nxe4+ 38. Ke2 Nd2 39. Kd1 b1=Q+ 40. Ke2 Qf1#
0-1

[Event "AUTO-LOW-06"]
[Site "http://www.queenalice.com/game.php?id=6291"]
[Date "2005.3.5"]
[Round "1"]
[White "neves"]
[Black "Ilix"]
[Result "1-0"]
[WhiteElo "1353"]
[BlackElo "1085"]

1. d4 Nc6 2. c3 e5 3. e4 Qh4 4. Qe2 Nf6 5. g3 Qg4 6. f3 Qg6 7. d5 Na5 8. Qc2 d6
9. b4 Nb3 10. Qxb3 b6 11. Qa4+ Bd7 12. b5 Be7 13. g4 h5 14. h3 c5 15. Ne2 h4 16.
Nd2 Qg5 17. f4 exf4 18. Nf3 Qg6 19. Nxf4 Qh7 20. Ng5 Qh6 21. Nfe6 fxe6 22. Nxe6
Qg6 23. Bd3 Qg5 24. Bxg5 Nxe4 25. Nc7+ Kd8 26. Nxa8 Nxc3 27. Bxe7+ Kxe7 28. Qxa7
Rxa8 29. Qxa8 g5 30. a4 Kf7 31. Rf1+ Ke7 32. Bf5 Bxf5 33. gxf5 Ne4 34. Qb7+ Ke8
35. f6 Nxf6 36. Rxf6 Kd8 37. Rf8# 1-0

[Event "AUTO-LOW-06"]
[Site "http://www.queenalice.com/game.php?id=6292"]
[Date "2005.3.5"]
[Round "1"]
[White "Ilix"]
[Black "Catamarca"]
[Result "0-1"]
[WhiteElo "1048"]
[BlackElo "1651"]

1. e4 d6 2. d4 g6 3. d5 Nf6 4. f3 Bg7 5. c4 O-O 6. g4 e6 7. h4 Nbd7 8. b4 Nxe4
9. fxe4 Bxa1 10. h5 Be5 11. Bh6 Bg7 12. Qd2 exd5 13. Bg5 Bf6 14. Bh6 Re8 15.
Qxd5 Re5 16. Qd3 Qe7 17. c5 Rxe4+ 18. Be2 dxc5 19. Nh3 Bh4+ 20. Nf2 Bxf2+ 21.
Kxf2 cxb4 22. Bf3 Qc5+ 23. Kg2 Rd4 24. Qe3 Ne5 25. Rd1 Qc2+ 26. Kg3 Rxd1 27.
Qxe5 Rg1+ 28. Kf4 Qc1+ 0-1

[Event "AUTO-LOW-06"]
[Site "http://www.queenalice.com/game.php?id=6293"]
[Date "2005.3.5"]
[Round "1"]
[White "Catamarca"]
[Black "Ilix"]
[Result "1-0"]
[WhiteElo "1642"]
[BlackElo "1079"]

1. e4 e5 2. Nf3 Bd6 3. Bc4 c6 4. d4 b5 5. Bb3 Nf6 6. dxe5 Bxe5 7. Nxe5 Nxe4 8.
Qe2 Ng5 9. Nxc6+ Kf8 10. Nxd8 Ne6 11. Nxe6+ fxe6 12. Qf3+ Ke7 13. Bg5+ Ke8 14.
O-O d5 15. Bxd5 exd5 16. Re1 Kd7 17. Qxd5+ Kc7 18. Bf4+ Kb6 19. Re7 Nd7 20. Qxa8
Rd8 21. Re6+ Ka5 22. Qxa7+ Ba6 23. Qxa6+ Kb4 24. Qa3+ Kc4 25. Nd2+ Kd4 26. Qd6#
1-0

[Event "AUTO-OPEN-59"]
[Site "http://www.queenalice.com/game.php?id=6332"]
[Date "2005.3.5"]
[Round "1"]
[White "pedroj"]
[Black "Ilix"]
[Result "1-0"]
[WhiteElo "1432"]
[BlackElo "1038"]

1. e3 e5 2. Qf3 d5 3. Nh3 h5 4. Ng5 Qxg5 5. Bb5+ c6 6. h4 Qf5 7. Bd3 e4 8. Qxf5
Bxf5 9. Be2 g6 10. f3 exf3 11. Bxf3 Bxc2 12. b3 Bg7 13. e4 Bxa1 14. Na3 Bxe4 15.
Rf1 Nf6 16. Ke2 Nbd7 17. d3 Bf5 18. Bg5 O-O-O 19. Rxa1 Rde8+ 20. Kf2 Ng4+ 21.
Kf1 Bxd3+ 22. Kg1 f6 23. Bd2 Nc5 24. Rb1 Bxb1 25. Nxb1 Nd3 26. a4 Ngf2 27. b4
Re5 28. Nc3 Rhe8 29. b5 a6 30. Nd1 Ne4 31. Be3 axb5 32. axb5 1-0

[Event "AUTO-OPEN-59"]
[Site "http://www.queenalice.com/game.php?id=6333"]
[Date "2005.3.5"]
[Round "1"]
[White "Ilix"]
[Black "pedroj"]
[Result "0-1"]
[WhiteElo "1038"]
[BlackElo "1433"]

1. e4 e6 2. d4 Nh6 3. Bf4 Qf6 4. Bxc7 d5 5. Be5 Qh4 6. Qf3 f6 7. g3 Qxe4+ 8. Be2
Bb4+ 9. c3 Ba5 10. Nd2 Qg4 11. h3 Qg6 12. Bd3 f5 13. Nb3 Nc6 14. h4 Ng4 15. Nh3
b6 16. Nf4 Ncxe5 17. Qe2 Bd7 18. Nxg6 Nxg6 19. f3 Nf6 20. g4 fxg4 21. fxg4 e5
22. dxe5 Bxg4 23. Qe3 d4 24. Qxd4 Rd8 25. Qa4+ Bd7 26. Bb5 a6 27. Bxd7+ Nxd7 28.
e6 b5 29. Qxa5 Ndf8 30. Qxa6 Ke7 31. Nc5 Rd5 0-1

[Event "AUTO-OPEN-59"]
[Site "http://www.queenalice.com/game.php?id=6346"]
[Date "2005.3.5"]
[Round "1"]
[White "Ilix"]
[Black "EdoVillarroel"]
[Result "0-1"]
[WhiteElo "1077"]
[BlackElo "1631"]

1. e4 e6 2. d4 d5 3. f3 dxe4 4. fxe4 Qh4+ 5. g3 Qxe4+ 6. Qe2 Qxh1 7. Qg2 Qxg2 8.
Bxg2 Nf6 9. Bf4 c6 10. Nc3 Bb4 11. O-O-O O-O 12. Nf3 Nd5 13. Bd6 Bxd6 14. Ne4
Ne3 15. Rg1 Be7 16. Neg5 h6 17. Ne4 Nxg2 18. Ne1 Nxe1 19. Rxe1 f5 20. Nc5 Bg5
21. Kb1 Re8 22. h4 b6 23. Na4 Bf6 24. c3 e5 25. a3 Nd7 26. b4 e4 27. Kb2 b5 28.
Nc5 Nxc5 29. Rf1 Na4+ 30. Kb3 Be6+ 31. Kc2 e3 32. Rxf5 Bxf5+ 33. Kb3 e2 34. c4
e1=Q 35. cxb5 Qc3+ 36. Kxa4 Bc2+ 37. Ka5 Qxa3# 0-1

[Event "AUTO-OPEN-59"]
[Site "http://www.queenalice.com/game.php?id=6347"]
[Date "2005.3.5"]
[Round "1"]
[White "EdoVillarroel"]
[Black "Ilix"]
[Result "1-0"]
[WhiteElo "1632"]
[BlackElo "1077"]

1. e4 e5 2. Nf3 Bd6 3. d4 Qf6 4. Bg5 Qg6 5. dxe5 Qxe4+ 6. Qe2 Qb4+ 7. Bd2 Qxb2
8. Bc3 Qc1+ 9. Qd1 Ba3 10. Qxc1 Bxc1 11. e6 dxe6 12. Bxg7 Nc6 13. Bb5 Bd7 14.
Nbd2 Bb2 15. Bxb2 f6 16. O-O a6 17. Bd3 O-O-O 18. Ng5 h6 19. Nf7 Nge7 20. Nxh8
Rxh8 21. Bxf6 Rg8 22. Nf3 Nf5 23. Ne5 Rf8 24. Nxd7 Rf7 25. Bxf5 Rxd7 26. Bxe6
Nb4 27. Bxd7+ Kb8 28. Rfe1 Nxc2 29. Re8+ Ka7 30. Rc1 Kb6 31. Rxc2 Ka7 32. Bd4+
b6 33. Rxc7# 1-0

[Event "Challenge"]
[Site "http://www.queenalice.com/game.php?id=6948"]
[Date "2005.3.16"]
[Round "-"]
[White "Ilix"]
[Black "CastleRook"]
[Result "0-1"]
[WhiteElo "1077"]
[BlackElo "1187"]

1. e4 e5 2. d4 Bb4+ 3. c3 Bd6 4. b4 Na6 5. a4 Nxb4 6. cxb4 Bxb4+ 7. Ke2 d5 8.
Bd2 Be7 9. a5 exd4 10. Qa4 c6 11. Qxd4 Bf6 12. e5 Qe7 13. Bb4 Bg4 14. f3 c5 15.
Bxc5 Qe6 16. fxg4 Bxe5+ 17. Qa4 Kd8 18. Ra3 Bd4+ 19. Kd1 Bxc5 20. Rb3 Ne7 21.
Rxb7 Nc6 22. Nf3 Rb8 23. Rb5 Qd6 24. Ng5 Qe7 25. h4 Re8 26. Nc3 Qe1+ 27. Kc2
Nd4+ 28. Kb2 Qd2+ 29. Ka1 Qxc3+ 30. Ka2 Nxb5 31. Bxb5 Rxb5 32. Qxb5 Bd4 33.
Nxf7+ Ke7 34. Qb7+ Kf8 35. Nd6 Re2+ 36. Kb1 Qc2# 0-1

[Event "AUTO-INT-02"]
[Site "http://www.queenalice.com/game.php?id=7880"]
[Date "2005.3.26"]
[Round "1"]
[White "Boeing"]
[Black "Ilix"]
[Result "1-0"]
[WhiteElo "1475"]
[BlackElo "1060"]

1. e4 Nf6 2. Qf3 d5 3. e5 Ne4 4. c4 c6 5. cxd5 cxd5 6. Nc3 Nxc3 7. dxc3 e6 8.
Be3 f5 9. exf6 gxf6 10. Bb5+ Bd7 11. Qh5+ Ke7 12. Bc5# 1-0

[Event "AUTO-INT-02"]
[Site "http://www.queenalice.com/game.php?id=7881"]
[Date "2005.3.26"]
[Round "1"]
[White "Ilix"]
[Black "Boeing"]
[Result "0-1"]
[WhiteElo "1085"]
[BlackElo "1542"]

1. e4 e5 2. Nf3 d6 3. g3 Bg4 4. c3 Qf6 5. h3 Bxf3 6. Qa4+ Nd7 7. Rh2 Qg6 8. Bd3
d5 9. exd5 Qxd3 10. Qd1 Qe4+ 11. Kf1 Bxd1 12. d4 Qd3+ 13. Kg1 Bf3 14. Nd2 exd4
15. Nxf3 Qxf3 16. cxd4 O-O-O 17. Be3 Qxd5 18. Rc1 Qxa2 19. f4 Ngf6 20. Rxc7+
Kxc7 21. Rc2+ Kb8 22. g4 Ne4 23. f5 Ba3 24. Bc1 Qb1 25. Rc8+ Rxc8 26. bxa3 Rxc1+
27. Kg2 Qd3 28. Kh2 Rc2+ 29. Kg1 Qd1# 0-1

[Event "AUTO-INT-02"]
[Site "http://www.queenalice.com/game.php?id=7896"]
[Date "2005.3.26"]
[Round "1"]
[White "sutra"]
[Black "Ilix"]
[Result "1-0"]
[WhiteElo "1717"]
[BlackElo "1090"]

1. e4 e5 2. Nf3 d6 3. d4 Nc6 4. dxe5 Nxe5 5. Nxe5 dxe5 6. Qxd8+ Kxd8 7. Bc4 Be6
8. Bxe6 fxe6 9. Be3 Bd6 10. Nd2 Ne7 11. O-O-O b6 12. Nc4 Rf8 13. Nxe5 c5 14.
Rxd6+ Kc7 15. Rd7+ Kc8 16. Rxe7 Rd8 17. Rxg7 h5 18. Bf4 Rf8 19. Rd1 Rxf4 20.
Rg8+ Kb7 21. Rd7+ 1-0

[Event "AUTO-INT-02"]
[Site "http://www.queenalice.com/game.php?id=7897"]
[Date "2005.3.26"]
[Round "1"]
[White "Ilix"]
[Black "sutra"]
[Result "0-1"]
[WhiteElo "1090"]
[BlackElo "1717"]

1. e4 e6 2. d4 d5 3. f3 c5 4. c3 Nc6 5. Ne2 Bd6 6. e5 Be7 7. Qd3 f6 8. f4 fxe5
9. fxe5 cxd4 10. cxd4 Qc7 11. Bf4 Nb4 12. Qb3 Nc2+ 13. Kd1 Nxa1 14. Qh3 Qc2+ 15.
Ke1 Qxb1+ 16. Kf2 Qg6 17. Nc3 a6 18. Bd3 Qf7 19. Qg4 Nh6 0-1

[Event "AUTO-INT-02"]
[Site "http://www.queenalice.com/game.php?id=7908"]
[Date "2005.3.26"]
[Round "1"]
[White "Ilix"]
[Black "Eagle"]
[Result "0-1"]
[WhiteElo "1046"]
[BlackElo "1240"]

1. e4 e5 2. Nf3 Nc6 3. b3 Nf6 4. c4 Nxe4 5. d3 Nc5 6. d4 e4 7. Ne5 Ne6 8. d5
Nxe5 9. dxe6 fxe6 10. f4 Bb4+ 11. Bd2 Nd3+ 12. Ke2 a5 13. g3 Qf6 14. Ke3 Qxa1
15. Bxb4 Nxb4 16. a3 Nd3 17. Bxd3 exd3 18. Qxd3 O-O 19. h4 b6 20. b4 Bb7 21. Rc1
Qb2 22. Qd2 Qb3+ 23. Qd3 Qxd3+ 24. Kxd3 axb4 0-1

[Event "AUTO-INT-02"]
[Site "http://www.queenalice.com/game.php?id=7909"]
[Date "2005.3.26"]
[Round "1"]
[White "Eagle"]
[Black "Ilix"]
[Result "1-0"]
[WhiteElo "1200"]
[BlackElo "1079"]

1. e4 e5 2. Nf3 f6 3. Bc4 c6 4. d4 b5 5. Bb3 d5 6. Nc3 Be6 7. dxe5 Qb6 8. O-O
Bb4 9. exd5 cxd5 10. Nxd5 Qc5 11. Be3 Qc6 12. Nd4 Qc8 13. Nxb4 g5 14. Nxe6 Nc6
15. Ng7+ Kf8 16. Bd5 Qd7 17. exf6 Qd6 18. Nxc6 Qxf6 19. Bd4 Qg6 20. Qf3+ Qf7 21.
Bxf7 Ne7 22. Ne6# 1-0